000 00308nam a22001337a 4500
008 230612b ||||| |||| 00| 0 eng d
041 _aeng
080 _22ND EDITION
_a618
082 _a618LIN
100 _a15
101 _aGJINKEKOLOGJI
245 _aOPERATIVE GYNECOLOGY
_cLINDE.TE.W.R
942 _2udc
_cBK
999 _c59929
_d59929